000 01174cam a2200229 4500
001 WB3916-17
008 030429n2003 000 0 eng u
035 _a(Sirsi) u122119
245 _aMRICS raising the standards
260 _c2003
490 _aRICS Feature
_v 24 April 2003, (2)
520 _aRICS launches new initatives to equip surveyors with business and management skills and a greater commitment to lifelong learning. These new programmes include enhanced APC/ATC competencies and a mandatory post-graduate business qualification. A web-based list of providers who offer post-graduate management qualifications is being developed and will be available later this year. The changes will effect chartered surveyors who qualify as MRICS after 1 September 2004. For the RICS feature: http://www.rics.org/ricscms/bin/show?class=Feature&template=/includes/showfeature.html&id=559
590 _aWB
650 _aABOUT RICS-RICS MEMBERS
650 _aMRICS
650 _aMANAGEMENT-BUSINESS MANAGEMENT
650 _aAPC
_96216
650 _aPOST-GRADUATE EDUCATION
650 _aLIFELONG LEARNING
690 _aTRAINING AND CAREER DEVELOPMENT
942 _n0
999 _c72568
_d72568